000 00637nam a22002057a 4500
005 20250128083016.0
008 250128b |||||||| |||| 00| 0 eng d
020 _a978-1-953716-03-3
082 _aFil. 808.838 B814 2020
100 _aBrainard, Cecilia M.
245 _aWoman with horns and other stories /
_cCecilia Manguerra Brainard
250 _aUS ed.
260 _aSanta Monica, CA:
_bPalh,
_cc2020
300 _a93p.
541 _e7732 c.1, 7733 c.2
650 _aPhilippine short stories (English)
650 _aFolklore - Philippines
650 _aManners and customs - Philippines
650 _aSuperstitious - Philippines
999 _c2377
_d2377